VIP... Tradotti - 2 - Statistics

Statistiche generali
  • Questo quiz è stato fatto 114 volte
    98 dall'ultimo reset
  • Il punteggio medio è 6 su 15
Statistiche sulle risposte
Nome tradotto Personaggio famoso % Corretto
Giulia Roberti Julia Roberts
98%
Michele Giordano Michael Jordan
84%
Stefano Re Stephen King
83%
Giorgio Cespuglio George Bush
57%
Calvino Piccolo Calvin Klein
49%
Vittoria Adami Victoria Adams
39%
Sandra Manzo Sandra Bullock
35%
Giovannino Contante Johnny Cash
26%
Cristiano Pietra Chris Rock
24%
Robertino Guglielmi Robbie Williams
24%
Emilia Enoteca Amy Winehouse
23%
Guglielmo Cancelli Bill Gates
22%
Glenda Chiuso Glenn Close
20%
Giacomino Pagina Jimmy Page
13%
Guglielmo Fabbro Will Smith
13%
Nessun quiz corrispondente trovato
Distribuzione punteggi
Percentuale di utenti per punteggio
Percentile per numero di risposta
I tuoi punteggi nel tempo
Non hai fatto questo quiz dall'ultimo reset